| 000 | 00994cam a2200253 a 4500 | ||
|---|---|---|---|
| 001 | 13081220 | ||
| 005 | 20260422185111.0 | ||
| 008 | 030204s2003 maua b 001 0 eng | ||
| 020 | _a0618221735 | ||
| 020 | _a9780618221738 | ||
| 050 | 0 | 0 |
_aPE1475 _b.S56 2003 |
| 082 | 0 | 4 |
_a808/.0666 _221 |
| 100 | 1 | _aSims, Brenda R. | |
| 245 | 1 | 0 |
_aTechnical communication for readers and writers / _cBrenda R. Sims. |
| 250 | _a2nd ed. | ||
| 260 |
_aBoston : _bHoughton Mifflin, _cc2003. |
||
| 300 |
_axxviii, 685 p. : _bill. (some col.) ; _c24 cm. |
||
| 650 | 0 |
_aEnglish language _xTechnical English _vProblems, exercises, etc. |
|
| 650 | 0 |
_aCommunication of technical information _vProblems, exercises, etc. |
|
| 650 | 0 |
_aTechnical writing _vProblems, exercises, etc. |
|
| 856 | 4 | 2 |
_3Publisher description _uhttp://www.loc.gov/catdir/enhancements/fy1104/2001133346-d.html |
| 856 | 4 | 1 |
_3Table of contents only _uhttp://www.loc.gov/catdir/enhancements/fy1215/2001133346-t.html |
| 942 |
_2lcc _cBK _e2nd Ed. _n0 |
||
| 999 |
_c9568 _d9568 |
||